Pays ayant le moins de personnes vivant dans la capitale - Statistiques

Statistiques générales
  • Ce quiz a été pris 99 fois
  • Le résultat moyen est 7 sur 14
Statistiques - réponses
Percentage: Country % Correct
0.21% Etats-Unis
89%
1.52% Chine
88%
1.1% Inde
88%
1.53% Australie
81%
1.33% Brésil
80%
0.45% Nigeria
60%
0.48% Pakistan
48%
1.51% Suisse
36%
1.74% Birmanie
26%
0.8% Tanzanie
24%
1.87% Palaos
18%
0.58% Sri Lanka
18%
1.88% Gambie
3%
1.45% Malte
3%
Aucun quiz correspondant
Distribution des résultats
% des personnes avec chaque résultat
Percentile par nombre de réponses
Votre historique - résultats
Vous n’avez pas pris ce quiz